Animals Beginning with 'C' - Pictures - Statistics

General Stats
  • This quiz has been taken 395 times
  • The average score is 17 of 24
Answer Stats
Picture Answer % Correct
Cat
100%
Cheetah
95%
Cobra
93%
Cow / Cattle
93%
Crab
93%
Camel
89%
Crow
89%
Chameleon
88%
Chimpanzee
88%
Chicken
83%
Clown Fish
83%
Caterpillar
80%
Chipmunk
76%
Cockroach
76%
Catfish
73%
Chinchilla
65%
Cockatoo
58%
Capybara
57%
Cricket
47%
Crane
45%
Caribou
44%
Cassowary
43%
Carp
40%
Cormorant
30%
No matching quizzes found
Score Distribution
Percent of People with Each Score
Percentile by Number Answered
Your Score History
You have not taken this quiz